[Event "Zlota Wieza op 49th"]
[Site "Gniezno"]
[Date "2007.05.21"]
[Round "3"]
[White "Komarowski, Tomasz"]
[Black "Smola, Michal"]
[Result "0-1"]
[WhiteElo "1800"]
[BlackElo "2067"]
[PlyCount "96"]
[EventDate "2007.05.20"]
[EventType "swiss"]
[EventRounds "9"]
[EventCountry "POL"]
[SourceTitle "EXT 2011"]
[Source "ChessBase"]
[SourceDate "2010.11.26"]
[SourceVersion "1"]
[SourceVersionDate "2010.11.26"]
[SourceQuality "1"]

1. e4 c5 2. Bc4 Nc6 3. Nc3 d6 4. d3 g6 5. f4 Bg7 6. Nf3 Nf6 7. 0-0 0-0 8. Qe1 Na5 9. Bb3 Nxb3 10. axb3 e6 11. Ng5 h6 12. Nf3 Nd7 13. Nh4 Bf6 14. Nf3 Bg7 15. Nh4 Kh7 16. f5 exf5 17. exf5 g5 18. Nf3 Nf6 19. Qg3 g4 20. Ng5+ hxg5 21. Bxg5 Rh8 22. Ne4 Nxe4 23. Qh4+ Kg8 24. Qxh8+ Bxh8 25. Bxd8 Bd4+ 26. Kh1 Nf2+ 27. Kg1 Nxd3+ 28. Kh1 Nf2+ 29. Kg1 Bxf5 30. Bh4 Ne4+ 31. Kh1 Bg6 32. c3 Be5 33. Rae1 Kg7 34. Re3 Rh8 35. g3 Nd2 36. Rf2 Nf3 37. Kg2 f5 38. h3 Nxh4+ 39. gxh4 f4 40. Re1 g3 41. Rd2 Be8 42. Kf3 Bc6+ 43. Kg4 Kf6 44. h5 Rg8+ 45. Kh4 Kf5 46. Rxe5+ dxe5 47. Rd1 Bf3 48. h6 Rg5 0-1